Pesticides in Belice /

Guardado en:
Bibliografiske detaljer
Hovedforfatter: Wesseling, Ineke
Autores Corporativos: UNA, Regional Pesticide Program
Format: Texto
Udgivet: Heredia: UNA
Tags: Tilføj Tag
Ingen Tags, Vær først til at tagge denne postø!

MARC

LEADER 00000 a a2200000 04500
001 22734
003
040
090 |a 156200  
100 |a Wesseling, Ineke  
110 |a UNA  
245 |a Pesticides in Belice /  |c UNA  
260 |a Heredia:   |b UNA  
300 |a 62 p   |b **no definido**  
710 |a Regional Pesticide Program  
999 |c 15963  |d 15963